Science Quiz

Random Science or Animal Quiz

7-Letter Animals by Image Quiz Stats

 Plays Quiz Updated Mar 18, 2020

Support Sporcle.
Go Orange.
Score 0/20 Timer 04:00
2 Plays Today
Answer % Correct
Giraffe
98.1%
Gorilla
97.7%
Penguin
97.3%
Dolphin
95.4%
Octopus
93.2%
Cheetah
91.7%
Lobster
89.8%
Raccoon
89.6%
Leopard
88%
Buffalo
81%
Answer % Correct
Meerkat
80.1%
Narwhal
73.6%
Sea lion
72.6%
Opossum
67.8%
Piranha
64.3%
Gazelle
63.1%
Hamster
53.6%
Caribou
48.6%
Echidna
32.6%
Axolotl
19.4%

From the Vault

Minefield Map: 10-Letter Capitals

by timmylemoine1

You must at least this long to play the quiz.
Remove Ads.
Support Sporcle.
Get the best of Sporcle when you Go Orange. This ad-free experience offers more features, more stats, and more fun while also helping to support Sporcle. Thank you for becoming a member.

Show Comments

Extras

Top Quizzes Today


Score Distribution

Your Account Isn't Verified!

In order to create a playlist on Sporcle, you need to verify the email address you used during registration. Go to your Sporcle Settings to finish the process.

Report this User

Report this user for behavior that violates our Community Guidelines.

Details: